The electrical and photoluminescence characteristics of thermally deposited ALQ[3] films /
Saved in:
| Main Author: | |
|---|---|
| Format: | Thesis Book |
| Language: | English |
| Published: |
2010.
|
| Subjects: | |
| Online Access: | http://studentsrepo.um.edu.my/id/eprint/4325 |
| Tags: |
Add Tag
No Tags, Be the first to tag this record!
|
| LEADER | 01013cam a2200265 a 4500 | ||
|---|---|---|---|
| 001 | u796893 | ||
| 003 | SIRSI | ||
| 005 | 201009131043 | ||
| 008 | 100913s2010 my a t 000 0 eng m | ||
| 040 | |a UMM |d AUM |e rda | ||
| 090 | |a QC3 |b UM 2010 Koa | ||
| 100 | 1 | |a Koay, Jan Yeong. | |
| 245 | 1 | 4 | |a The electrical and photoluminescence characteristics of thermally deposited ALQ[3] films / |c Koay Jan Yeong. |
| 260 | |c 2010. | ||
| 300 | |a xiv, 85 leaves : |b ill. ; |c 30 cm. | ||
| 500 | |a [3] is a subscript. | ||
| 502 | |a Dissertation (M.Sc.) -- Jabatan Fizik, Universiti Malaya, 2010. | ||
| 504 | |a Bibliography: leaves 76-81. | ||
| 650 | 0 | |a Photoluminescence. | |
| 710 | 2 | |a Universiti Malaya. |b Jabatan Fizik. | |
| 856 | 4 | 1 | |u http://studentsrepo.um.edu.my/id/eprint/4325 |
| 900 | |a HA | ||
| 596 | |a 1 25 | ||
| 999 | |a QC3 UM 2010 KOA |w LC |c 1 |i A513570588 |d 10/1/2011 |f 10/1/2011 |g 1 |l STACKS |m P01UTAMA |r Y |s Y |t TESIS |u 10/1/2011 | ||
| 999 | |a QC3 UM 2010 KOA |w LC |c 1 |i A513570628 |f 1/9/2020 |g 1 |l STACKS |m P25UMARCHI |r N |s Y |t CD |u 10/6/2015 |1 STEM | ||
